Human rights in postcolonial India / (Record no. 102105)

MARC details
000 -LEADER
fixed length control field 00931nam a22002297a 4500
005 - DATE AND TIME OF LATEST TRANSACTION
control field 20180228102556.0
010 ## - LCCN (DPL NO)
LC control number 1617EN ENG-116955
020 ## - INTERNATIONAL STANDARD BOOK NUMBER
International Standard Book Number 9781138667914
Terms of availability 995.00
035 ## - SYSTEM CONTROL NUMBER
System control number B-649676-680
035 ## - SYSTEM CONTROL NUMBER
System control number EN-100487
035 ## - SYSTEM CONTROL NUMBER
System control number B-664909
037 ## - SOURCE OF ACQUISITION
Stock number DPL
Source of stock number/acquisition UPPAL
082 ## - DEWEY DECIMAL CLASSIFICATION NUMBER
Classification number 323.0954
245 ## - TITLE STATEMENT
Title Human rights in postcolonial India /
Statement of responsibility, etc ed by Om Prakash Dwivedi [and] V.G.Julie Rajan
260 ## - PUBLICATION, DISTRIBUTION, ETC. (IMPRINT)
Place of publication, distribution, etc New York
Name of publisher, distributor, etc Routledge
Date of publication, distribution, etc 2016
270 ## - ADDRESS
Address 711 third avenue
City New York
Postal code NY 10017
300 ## - PHYSICAL DESCRIPTION
Extent xiv,331p.
Dimensions 24cm(HB)
700 ## - ADDED ENTRY--PERSONAL NAME
Personal name Rajan, V.G.Julie
942 ## - ADDED ENTRY ELEMENTS (KOHA)
Source of classification or shelving scheme Dewey Decimal Classification
Item type English Books
Classification part 323.0954
Call number suffix HUM
Holdings
Withdrawn status Lost status Not for loan Collection code Home library Current library Date acquired Source of acquisition Cost, normal purchase price Full call number Barcode Copy number Cost, replacement price Koha item type
      Non-fiction Ashok Vihar Ashok Vihar 28/02/2018 Uppal/14146/27.2.2017/EN/AV/473/15.2.2017/7.3.2017 995.00 323.0954 HUM B-664909 1 995.00 English Books
    Not For Loan Non-fiction D.B.Act.Division Bawana 28/12/2016 DBAD/PUB 995.00 323.0954 HUM EN-100487 1 995.00 English Books
      Non-fiction Central Library Central Library 15/03/2017 BPPD/EN/2016-17/307/24.11.2016/13925/07.12.2016/02.01.2017 995.00 323.0954 HUM B-649676 1 995.00 English Books
      Non-fiction Janak Puri Janak Puri 15/03/2017 BPPD/EN/2016-17/307/24.11.2016/13925/07.12.2016/02.01.2017 995.00 323.0954 HUM B-649678 1 995.00 English Books
      Non-fiction Patel Nagar Patel Nagar 15/03/2017 BPPD/EN/2016-17/307/24.11.2016/13925/07.12.2016/02.01.2017 995.00 323.0954 HUM B-649677 1 995.00 English Books
      Non-fiction Sarojini Nagar Sarojini Nagar 15/03/2017 BPPD/EN/2016-17/307/24.11.2016/13925/07.12.2016/02.01.2017 995.00 323.0954 HUM B-649679 1 995.00 English Books
      Non-fiction Shahdara Branch Shahdara Branch 15/03/2017 BPPD/EN/2016-17/307/24.11.2016/13925/07.12.2016/02.01.2017 995.00 323.0954 HUM B-649680 1 995.00 English Books

© Delhi Public Library
Hit Counter
free hit counter